00442 2200133 4500001002100000005001500021035002000036245010400056100002900160250001700189300003000206260005000236020002200286INLIS00000000000989220260416093603 a0010-04260002521 aMembuka Jendela Kebijakan :bDinamika Aktor dan Kepentingan Food Estate /cDr. Farid Zaky Yopiannor0 aDr. Farid Zaky Yopiannor aEd. 1, Cet.1 a+122 Halaman ;c15 x 23cm aYogyakarta :bMadani Kreatif Publisher,c2026 a978-623-473-929-9